Top Cities for University Students - Statistics

General Stats
  • This quiz has been taken 100 times
  • The average score is 13 of 24
Answer Stats
# City % Correct
23 New York City
93%
3 London
87%
=7 Paris
79%
15 Boston
77%
=7 Berlin
73%
2 Tokyo
71%
13 Beijing
61%
20 Amsterdam
58%
1 Seoul
58%
22 Toronto
58%
6 Sydney
55%
4 Munich
54%
5 Melbourne
52%
9 Zurich
50%
11 Singapore
49%
17 Hong Kong
48%
=18 Montreal
46%
24 Stockholm
46%
10 Vienna
41%
=15 Edinburgh
33%
14 Taipei
33%
=18 Kyoto
22%
12 Kuala Lumpur
18%
21 Lausanne
12%
No matching quizzes found
Score Distribution
Percent of People with Each Score
Percentile by Number Answered
Your Score History
You have not taken this quiz